[Event "Bergens SK Vårturnering 2023"]
[Site "Bergens Schakklub"]
[Date "2023.01.10"]
[Round "1"]
[White "Seymour, Max Bakke"]
[Black "Manne, Per Erik"]
[Result "0-1"]
[WhiteElo "1654"]
[BlackElo "2186"]
[PlyCount "88"]
[EventDate "2023.??.??"]

1. e4 e5 2. Nf3 Nc6 3. Bc4 Nf6 4. d3 h6 5. O-O d6 6. a4 g6 7. Re1 Bg7 8. h3 O-O
9. c3 Qe7 10. Nbd2 Be6 11. Bxe6 Qxe6 12. d4 exd4 13. cxd4 d5 14. e5 Nd7 15. Nb3
a5 16. Bd2 Rfc8 17. Re3 Bf8 18. Qc1 Ra6 19. Nh2 Rb6 20. Rf3 Rxb3 21. Rxb3 Nxd4
22. Re3 Nc5 23. Qd1 Nf5 24. Rf3 Qxe5 25. Ng4 Qe6 26. Bxa5 Ne4 27. Rc1 c5 28.
Rd3 d4 29. b3 b6 30. Be1 Re8 31. Rc2 Ng5 32. Bd2 Ne4 33. Be1 h5 34. Nh2 Nf6 35.
Nf3 Bd6 36. g3 Nd5 37. Bd2 Qe4 38. Be1 f6 39. Kf1 Re6 40. Re2 Nde3+ 41. fxe3
Qxf3+ 42. Kg1 dxe3 43. Rg2 e2 44. Rxe2 Qxe2
0-1

[Event "Bergens SK Vårturnering 2023"]
[Site "Bergens Schakklub"]
[Date "2023.01.10"]
[Round "1"]
[White "Larsen, Stig Børje"]
[Black "Texe, Eirik"]
[Result "1-0"]
[WhiteElo "1734"]
[BlackElo "1592"]
[PlyCount "103"]
[EventDate "2023.??.??"]

1. d4 Nf6 2. Nc3 d5 3. Bf4 Bf5 4. f3 h6 5. g4 Bh7 6. e3 g5 7. Bg3 h5 8. Be5
Nbd7 9. Bd3 hxg4 10. fxg4 e6 11. Nf3 c6 12. Qe2 Nxe5 13. Nxe5 Bb4 14. O-O O-O
15. Rf2 Bxc3 16. bxc3 Ne4 17. Bxe4 Bxe4 18. Raf1 f6 19. Nf3 Kg7 20. Nxg5 Qd6
21. Nxe4 dxe4 22. Rf4 f5 23. gxf5 exf5 24. Qg2+ Qg6 25. Rxf5 Qxg2+ 26. Kxg2 Rh8
27. R1f4 Rae8 28. Rf7+ Kg6 29. Rxb7 Rh5 30. Rc7 Re6 31. Kg3 Ra5 32. Rg4+ Kf6
33. Rgg7 Re8 34. Rxa7 Rxa2 35. Rxa2 Kxg7 36. Ra6 Re6 37. c4 Rf6 38. d5 Rf3+ 39.
Kg4 cxd5 40. cxd5 Rxe3 41. Kf4 Re2 42. c4 Rxh2 43. Re6 Kf7 44. Rxe4 Rc2 45. Ke3
Kf6 46. Re6+ Kf5 47. Kd4 Rd2+ 48. Kc5 Rd1 49. Re2 Ra1 50. d6 Kf6 51. Kb6 Ra8
52. d7
1-0

[Event "Bergens SK Vårturnering 2023"]
[Site "Bergens Schakklub"]
[Date "2023.01.10"]
[Round "1"]
[White "Tjora, Tord"]
[Black "Lien, Sebastian"]
[Result "0-1"]
[WhiteElo "1699"]
[BlackElo "1618"]
[PlyCount "58"]
[EventDate "2023.??.??"]

1. e4 b6 2. d4 Bb7 3. Bd3 e6 4. Nf3 d6 5. Qe2 Nd7 6. O-O Ne7 7. Bg5 g6 8. c3
Bg7 9. Nbd2 h6 10. Be3 O-O 11. Nc4 a5 12. Qd2 Kh7 13. Rfe1 f5 14. e5 Bxf3 15.
exd6 Nd5 16. Bf4 Be4 17. dxc7 Nxc7 18. Bxe4 fxe4 19. Rxe4 b5 20. Bxc7 Qxc7 21.
Na3 Qc6 22. Qe2 b4 23. Rxe6 Rae8 24. Rxe8 Rxe8 25. Qxe8 bxa3 26. Rb1 axb2 27.
c4 Qxc4 28. Qxd7 Qc1+ 29. Rxc1 bxc1=Q#
0-1

[Event "Bergens SK Vårturnering 2023"]
[Site "Bergens Schakklub"]
[Date "2023.01.10"]
[Round "1"]
[White "Christoffersen, Odd"]
[Black "Engelsen, Teodor Tenfjord"]
[Result "0-1"]
[WhiteElo "1510"]
[BlackElo "1780"]
[PlyCount "58"]
[EventDate "2023.??.??"]

1. d4 Nf6 2. c4 c5 3. dxc5 e6 4. Nf3 Bxc5 5. e3 O-O 6. Be2 Qe7 7. O-O Rd8 8. a3
a5 9. b3 d5 10. Qc2 b6 11. Nc3 Bb7 12. Na4 Nbd7 13. Nxc5 Nxc5 14. Bd2 dxc4 15.
bxc4 Be4 16. Qa2 Bd3 17. Bxd3 Rxd3 18. Rfb1 Qd6 19. Be1 Rd8 20. Qc2 Nfe4 21.
Kf1 f6 22. Ke2 e5 23. Rb2 Qe6 24. Rab1 R8d6 25. h3 Rxa3 26. Ra2 Rad3 27. Ng1
Nc3+ 28. Bxc3 Qxc4 29. Ke1 Rxc3
0-1

[Event "Bergens SK Vårturnering 2023"]
[Site "Bergens Schakklub"]
[Date "2023.01.17"]
[Round "2"]
[White "Flaten, Siver"]
[Black "Seymour, Max Bakke"]
[Result "1-0"]
[WhiteElo "1345"]
[BlackElo "1654"]
[PlyCount "99"]
[EventDate "2023.??.??"]

1. e4 c5 2. Nc3 d6 3. f4 g6 4. Nf3 Bg7 5. Bc4 e6 6. O-O Ne7 7. d3 O-O 8. Qe1
Nbc6 9. a4 Nd4 10. Nxd4 cxd4 11. Ne2 d5 12. Ba2 Qc7 13. Qh4 Qxc2 14. Ng3 Nc6
15. f5 exf5 16. exf5 Nb4 17. Bh6 f6 18. fxg6 hxg6 19. Rae1 Qc7 20. Ne4 Bf5 21.
Bb3 Bxh6 22. Qxh6 Qh7 23. Qd2 a5 24. g4 Bxe4 25. dxe4 Qd7 26. h3 Kg7 27. Qxd4
Qc7 28. Kg2 dxe4 29. g5 Ra6 30. Rxe4 Qd6 31. Qxd6 Rxd6 32. Re7+ Kh8 33. Rxb7
Rd2+ 34. Rf2 Rxf2+ 35. Kxf2 Nd3+ 36. Kg3 Nc5 37. Rb5 Nxb3 38. Rxb3 fxg5 39. Rb5
Rf5 40. Kg4 Rf4+ 41. Kxg5 Rxa4 42. Kxg6 Rb4 43. Rxb4 axb4 44. Kf5 Kg7 45. Ke4
Kg6 46. Kd4 b3 47. Kc4 Kh5 48. Kxb3 Kh4 49. Kc4 Kxh3 50. b4
1-0

[Event "Bergens SK Vårturnering 2023"]
[Site "Bergens Schakklub"]
[Date "2023.01.17"]
[Round "2"]
[White "Texe, Eirik"]
[Black "Christoffersen, Odd"]
[Result "1/2-1/2"]
[WhiteElo "1592"]
[BlackElo "1510"]
[PlyCount "88"]
[EventDate "2023.??.??"]

1. Nf3 d5 2. d4 Nf6 3. c4 e6 4. g3 Be7 5. Bg2 O-O 6. O-O Nbd7 7. Qc2 c6 8. b3
Ne4 9. Nc3 f5 10. Nd2 Nxc3 11. Qxc3 Bf6 12. Ba3 Re8 13. Rad1 b6 14. Rfe1 Bb7
15. e3 Rc8 16. Qd3 g6 17. Nf3 Kg7 18. h4 h6 19. Nh2 Qc7 20. cxd5 cxd5 21. Rc1
Qb8 22. Qb5 Red8 23. Rxc8 Bxc8 24. Rc1 Nf8 25. Nf3 Bd7 26. Qa6 Rc8 27. Rxc8
Bxc8 28. Qd3 Qc7 29. Bf1 Nd7 30. Be2 Nb8 31. Bd1 g5 32. hxg5 hxg5 33. g4 Ba6
34. Qc2 Qxc2 35. Bxc2 fxg4 36. Ne5 Bxe5 37. dxe5 Be2 38. Bb2 Nd7 39. e4 dxe4
40. Bxe4 Nc5 41. Bc2 Bd3 42. Bd1 Bf5 43. Bd4 Kf7 44. f3 gxf3
1/2-1/2

[Event "Bergens SK Vårturnering 2023"]
[Site "Bergens Schakklub"]
[Date "2023.01.17"]
[Round "2"]
[White "Lien, Sebastian"]
[Black "Larsen, Stig Børje"]
[Result "0-1"]
[WhiteElo "1618"]
[BlackElo "1734"]
[PlyCount "119"]
[EventDate "2023.??.??"]

1. Nf3 g6 2. g3 Bg7 3. d4 d6 4. Bg2 Nd7 5. Nbd2 Ngf6 6. O-O O-O 7. b3 c5 8. Bb2
cxd4 9. Bxd4 Qc7 10. c4 Nc5 11. Rc1 a5 12. Re1 e5 13. Ba1 Bf5 14. Nh4 Bg4 15.
h3 Be6 16. Nhf3 h6 17. a3 Qd7 18. Kh2 g5 19. b4 axb4 20. axb4 Na6 21. b5 Nc5
22. g4 Nh7 23. Qc2 f5 24. gxf5 Rxf5 25. Rcd1 Qf7 26. Ne4 Nxe4 27. Qxe4 Rf4 28.
Qd3 g4 29. Qxd6 gxf3 30. exf3 Ng5 31. Bxe5 Bxe5 32. Qxe5 Rxf3 33. h4 Rh3+ 34.
Kg1 Rxh4 35. c5 Rf4 36. Rd2 Rg4 37. Rd3 Bd5 38. Qxd5 Qxd5 39. Rxd5 Nf3+ 40. Kf1
Nxe1 41. Bh3 Re4 42. Bf5 Re7 43. Rd6 Ra1 44. c6 Nf3+ 45. Kg2 Nh4+ 46. Kh2 Nxf5
47. Rd5 Ng7 48. Rc5 bxc6 49. Rxc6 h5 50. Kg3 Rb1 51. Rb6 Re5 52. Rb8+ Kh7 53.
f4 Rexb5 54. Rd8 R1b3+ 55. Kh4 R3b4 56. Kg3 Rf5 57. Rd3 Rbxf4 58. Kg2 Rg5+ 59.
Kh3 Nf5 60. Kh2
0-1

[Event "Bergens SK Vårturnering 2023"]
[Site "Bergens Schakklub"]
[Date "2023.01.17"]
[Round "2"]
[White "Engelsen, Teodor Tenfjord"]
[Black "Bjarnason, Snorri Vikanes"]
[Result "1/2-1/2"]
[WhiteElo "1780"]
[BlackElo "1676"]
[PlyCount "69"]
[EventDate "2023.??.??"]

1. c4 c5 2. Nc3 Nf6 3. g3 d5 4. cxd5 Nxd5 5. Nf3 g6 6. Bg2 Bg7 7. O-O O-O 8.
Nxd5 Qxd5 9. d3 Nc6 10. a3 Qd7 11. Qc2 b6 12. Bd2 Bb7 13. Bc3 e5 14. b4 Nd4 15.
Bxd4 cxd4 16. Nd2 Bxg2 17. Kxg2 Qd5+ 18. f3 Rfc8 19. Qb2 Rc3 20. Ne4 Rc7 21.
Rfc1 Rac8 22. Rxc7 Rxc7 23. Rc1 Qd7 24. Rc2 Qc8 25. Rxc7 Qxc7 26. Qb3 h6 27.
Qc4 Qd7 28. b5 Kh7 29. a4 f5 30. Qc6 Qf7 31. Nd6 Qe7 32. Nc8 Qf7 33. Nd6 Qe7
34. Nc8 Qf7 35. Nd6
1/2-1/2

[Event "Bergens SK Vårturnering 2023"]
[Site "Bergens Schakklub"]
[Date "2023.01.17"]
[Round "2"]
[White "Fossheim, Yngve Götestam"]
[Black "Sneeggen, Espen"]
[Result "0-1"]
[WhiteElo "2038"]
[BlackElo "1744"]
[PlyCount "76"]
[EventDate "2023.??.??"]

1. d4 d5 2. c4 c6 3. Nc3 Nf6 4. Nf3 e6 5. Bg5 dxc4 6. e4 b5 7. e5 h6 8. Bh4 g5
9. Nxg5 hxg5 10. Bxg5 Nbd7 11. exf6 Bb7 12. g3 c5 13. d5 Qb6 14. Bg2 O-O-O 15.
O-O b4 16. Na4 Qa6 17. b3 Bxd5 18. Bxd5 Ne5 19. Qe2 Rxd5 20. bxc4 Qxc4 21. Qxc4
Nxc4 22. h4 Nb6 23. Nxb6+ axb6 24. Rfc1 Bd6 25. Kf1 Kb7 26. Rc2 Rxg5 27. hxg5
Rh1+ 28. Kg2 Rxa1 29. Rd2 Kc6 30. f4 c4 31. Rc2 c3 32. Kf2 Rxa2 33. Rxa2 b3 34.
g6 fxg6 35. Ra8 b2 36. Rc8+ Kd7 37. Rxc3 b1=Q 38. Rf3 Bc5+
0-1

[Event "Bergens SK Vårturnering 2023"]
[Site "Bergens Schakklub"]
[Date "2023.01.17"]
[Round "2"]
[White "Sviland, Atle"]
[Black "Wiger-Nordås, Felix"]
[Result "1-0"]
[WhiteElo "1702"]
[BlackElo "1498"]
[PlyCount "57"]
[EventDate "2023.??.??"]

1. Nf3 Nc6 2. g3 e5 3. d3 d5 4. Nbd2 Nf6 5. Bg2 Bc5 6. O-O Be6 7. a3 Qd7 8. b4
Bd6 9. Bb2 d4 10. c4 Bh3 11. c5 Bxg2 12. Kxg2 Be7 13. Nc4 g5 14. Nxg5 Rg8 15.
Nf3 Nh5 16. e3 dxe3 17. fxe3 O-O-O 18. Nfxe5 Nxe5 19. Nxe5 Qd5+ 20. e4 Qe6 21.
Qxh5 f6 22. Nc4 Rxd3 23. Qf5 Qxf5 24. Rxf5 Rg4 25. Re1 h5 26. Rxh5 f5 27. Rxf5
Bh4 28. Rf8+ Bd8 29. Re2
1-0

[Event "Bergens SK Vårturnering 2023"]
[Site "Bergens Schakklub"]
[Date "2023.01.17"]
[Round "2"]
[White "Myny, Sigur H"]
[Black "Selbekk, Vebjørn"]
[Result "1/2-1/2"]
[WhiteElo "1603"]
[BlackElo "1865"]
[PlyCount "60"]
[EventDate "2023.??.??"]

1. c4 d6 2. g3 e5 3. Bg2 f5 4. Nc3 Nf6 5. d3 Be7 6. Nf3 O-O 7. Bd2 Nc6 8. a3 a5
9. O-O Qe8 10. Rb1 Qh5 11. b4 axb4 12. axb4 Ng4 13. h3 Nf6 14. e3 g5 15. Nh2
Qg6 16. b5 Nd8 17. f4 gxf4 18. gxf4 e4 19. d4 Rf7 20. Kh1 Nh5 21. Be1 Rg7 22.
Rg1 Be6 23. d5 Bf6 24. Ne2 Bd7 25. Bxe4 Qe8 26. Bf3 Rxg1+ 27. Nxg1 Ng7 28. Qe2
Ra3 29. Nf1 b6 30. Bb4 Ra7
1/2-1/2

[Event "Bergens SK Vårturnering 2023"]
[Site "Bergens Schakklub"]
[Date "2023.01.24"]
[Round "3"]
[White "Manne, Per Erik"]
[Black "Flaten, Siver"]
[Result "1-0"]
[WhiteElo "2186"]
[BlackElo "1345"]
[PlyCount "125"]
[EventDate "2023.??.??"]

1. Nf3 Nf6 2. b3 g6 3. Bb2 Bg7 4. c4 c5 5. g3 Nc6 6. Bg2 d6 7. O-O e5 8. d3 h6
9. Nbd2 Be6 10. e3 Qd7 11. Re1 O-O-O 12. d4 Nb4 13. dxe5 dxe5 14. Re2 e4 15.
Ne5 Qc7 16. Qb1 Ng4 17. Nxg4 Bxb2 18. Qxb2 Bxg4 19. f3 exf3 20. Nxf3 Nd3 21.
Qc3 Ne5 22. Qxe5 Qxe5 23. Nxe5 Bxe2 24. Nxf7 Kc7 25. Nxh8 Rxh8 26. Bd5 Rf8 27.
Re1 Bg4 28. e4 b6 29. e5 Kd7 30. Kg2 Be6 31. Re2 Rf5 32. h3 h5 33. Bf3 Ke7 34.
Re3 Bf7 35. Re1 Ke6 36. Bd5+ Ke7 37. Re2 Be6 38. Re4 Bd7 39. g4 Rf8 40. Kg3
hxg4 41. hxg4 g5 42. e6 Bc8 43. Re5 Rg8 44. Kf3 Rg6 45. Ke4 Rg8 46. Rf5 Rg7 47.
Ke5 Ba6 48. Rf7+ Rxf7 49. exf7 Bc8 50. Be6 Bxe6 51. f8=Q+ Kxf8 52. Kxe6 Ke8 53.
Kf6 Kf8 54. Kxg5 Kg7 55. Kf5 Kf7 56. a3 Kg7 57. g5 Kf7 58. g6+ Kg7 59. Kg5 Kg8
60. Kf6 Kf8 61. b4 cxb4 62. axb4 Kg8 63. c5
1-0

[Event "Bergens SK Vårturnering 2023"]
[Site "Bergens Schakklub"]
[Date "2023.01.24"]
[Round "3"]
[White "Seymour, Max Bakke"]
[Black "Christoffersen, Odd"]
[Result "1/2-1/2"]
[WhiteElo "1654"]
[BlackElo "1510"]
[PlyCount "125"]
[EventDate "2023.??.??"]

1. e4 c6 2. d4 d5 3. e5 Bf5 4. h4 h5 5. Bd3 Bxd3 6. Qxd3 e6 7. Nf3 Nh6 8. Bg5
Qb6 9. Nbd2 Nd7 10. O-O Nf5 11. c4 dxc4 12. Nxc4 Qc7 13. Rac1 g6 14. Rfe1 Nb6
15. Bf6 Rg8 16. g3 Be7 17. Nxb6 Qxb6 18. b4 a6 19. a4 Bxb4 20. Rb1 a5 21. Rec1
Ne7 22. Ng5 Rd8 23. Rc4 Rd7 24. Bxe7 Rxe7 25. Ne4 Kd8 26. Qf3 Qc7 27. Nf6 Rh8
28. d5 exd5 29. Nxd5 Qxe5 30. Nxe7 Qxe7 31. Rd1+ Kc8 32. Re4 Qc7 33. Red4 f5
34. Qe2 Qe7 35. Qd3 Rh7 36. Rd8+ Kc7 37. Rg8 f4 38. Qxg6 fxg3 39. Qxg3+ Kb6 40.
Rg5 Qe2 41. Rb1 Qc2 42. Qe3+ Ka6 43. Rb2 Qc4 44. Qe2 Qxe2 45. Rxe2 Be7 46. Rf5
Bxh4 47. Ree5 Bd8 48. Rxh5 Rxh5 49. Rxh5 b5 50. axb5+ cxb5 51. Kf1 a4 52. Ke2
Ka5 53. Kd3 a3 54. Kc2 Ka4 55. Kb1 b4 56. Rf5 Bb6 57. Rf4 Kb3 58. Rf3+ Kc4 59.
Ka2 Bd4 60. Rf4 Kd5 61. Kb3 Bc3 62. Rf3 Ke4 63. Rxc3
1/2-1/2

[Event "Bergens SK Vårturnering 2023"]
[Site "Bergens Schakklub"]
[Date "2023.01.24"]
[Round "3"]
[White "Texe, Eirik"]
[Black "Fossheim, Yngve Götestam"]
[Result "0-1"]
[WhiteElo "1592"]
[BlackElo "2038"]
[PlyCount "56"]
[EventDate "2023.??.??"]

1. e4 c5 2. Nf3 g6 3. d4 cxd4 4. Nxd4 Nc6 5. c4 Nf6 6. Nc3 d6 7. Be2 Nxd4 8.
Qxd4 Bg7 9. Be3 O-O 10. Qd3 a5 11. O-O a4 12. Bd1 a3 13. Rb1 axb2 14. Bd4 Nd7
15. Bxg7 Kxg7 16. Qd4+ f6 17. Rxb2 Nc5 18. Rd2 Ra6 19. Nb5 e5 20. Qe3 f5 21.
exf5 Qf6 22. Nc7 gxf5 23. f4 Ne4 24. fxe5 dxe5 25. Rb2 Rc6 26. Nd5 Qd6 27. Qe2
Qc5+ 28. Kh1 Ng3+
0-1

[Event "Bergens SK Vårturnering 2023"]
[Site "Bergens Schakklub"]
[Date "2023.01.24"]
[Round "3"]
[White "Larsen, Stig Børje"]
[Black "Engelsen, Teodor Tenfjord"]
[Result "1/2-1/2"]
[WhiteElo "1734"]
[BlackElo "1780"]
[PlyCount "44"]
[EventDate "2023.??.??"]

1. e4 c5 2. Nf3 Nc6 3. d4 cxd4 4. Nxd4 g6 5. c4 Nf6 6. Nc3 d6 7. Be2 Nxd4 8.
Qxd4 Bg7 9. Bg5 O-O 10. Qd2 Be6 11. Rc1 a5 12. b3 Nd7 13. Na4 b6 14. f3 Nc5 15.
Nc3 Qd7 16. O-O Rac8 17. Nd5 Bxd5 18. exd5 Rfe8 19. Rfe1 Qf5 20. g4 Qe5 21. Bf1
Qd4+ 22. Kg2 Qxd2+
1/2-1/2

[Event "Bergens SK Vårturnering 2023"]
[Site "Bergens Schakklub"]
[Date "2023.01.24"]
[Round "3"]
[White "Selbekk, Vebjørn"]
[Black "Lien, Sebastian"]
[Result "1-0"]
[WhiteElo "1865"]
[BlackElo "1618"]
[PlyCount "77"]
[EventDate "2023.??.??"]

1. d4 d5 2. e3 Nf6 3. Bd3 g6 4. f4 Bg7 5. Nf3 Bg4 6. h3 Bxf3 7. Qxf3 e6 8. O-O
h5 9. c3 Nbd7 10. Nd2 c6 11. e4 dxe4 12. Nxe4 Nxe4 13. Bxe4 Nf6 14. Bc2 Qd5 15.
Be3 Qxf3 16. Rxf3 Nd5 17. Bf2 h4 18. Re1 O-O-O 19. Re4 Bf6 20. a3 b6 21. Bb3
Kb7 22. Rd3 Nc7 23. Bd1 Nb5 24. Bf3 Kc7 25. Re2 Nd6 26. Red2 g5 27. fxg5 Bxg5
28. Rc2 Nf5 29. c4 c5 30. d5 e5 31. b4 Nd4 32. Bxd4 exd4 33. bxc5 bxc5 34. Rb2
Rb8 35. Rdb3 Rxb3 36. Rxb3 Rb8 37. d6+ Kc8 38. Bg4+ Kd8 39. Rxb8#
1-0

[Event "Bergens SK Vårturnering 2023"]
[Site "Bergens Schakklub"]
[Date "2023.01.24"]
[Round "3"]
[White "Bjarnason, Snorri Vikanes"]
[Black "Sneeggen, Espen"]
[Result "0-1"]
[WhiteElo "1676"]
[BlackElo "1744"]
[PlyCount "62"]
[EventDate "2023.??.??"]

1. e4 c5 2. Nf3 d6 3. c4 e5 4. g3 g6 5. Bg2 Bg7 6. d3 Ne7 7. Nc3 Nec6 8. Nd5
Bg4 9. h3 Be6 10. O-O O-O 11. a3 Na6 12. Rb1 Rb8 13. Bg5 f6 14. Bd2 Qd7 15. b4
Nd4 16. b5 Nc7 17. Nxd4 exd4 18. Kh2 f5 19. Nf4 Bf7 20. exf5 Qxf5 21. Be4 Qd7
22. b6 axb6 23. Rxb6 d5 24. cxd5 Nxd5 25. Nxd5 Bxd5 26. Qg4 Qf7 27. Bxd5 Qxd5
28. Bf4 Rbe8 29. Kg1 Rf7 30. Rfb1 Rfe7 31. Rd6 Re1+
0-1

[Event "Bergens SK Vårturnering 2023"]
[Site "Bergens Schakklub"]
[Date "2023.01.24"]
[Round "3"]
[White "Solli, Jarle"]
[Black "Myny, Sigur H"]
[Result "0-1"]
[WhiteElo "1664"]
[BlackElo "1603"]
[PlyCount "122"]
[EventDate "2023.??.??"]

1. e4 c5 2. Nf3 Nc6 3. c3 d5 4. exd5 Qxd5 5. Be2 Nf6 6. O-O Bg4 7. Re1 e6 8. d4
Be7 9. h3 Bh5 10. c4 Qd8 11. dxc5 Bxc5 12. Nc3 O-O 13. Qxd8 Rfxd8 14. Bg5 Be7
15. Rad1 h6 16. Bf4 Rac8 17. Nb5 a6 18. Nd6 Bxd6 19. Bxd6 Rd7 20. g4 Bg6 21.
Ne5 Rxd6 22. Rxd6 Nxe5 23. Rb6 Rc7 24. Rd1 Be4 25. f4 Nc6 26. Rd2 Nd7 27. Rb3
Nc5 28. Re3 a5 29. a3 f5 30. Kf2 Kf7 31. Kg3 a4 32. Bd1 Na5 33. Rc3 Bc6 34. Bc2
Ne4+ 35. Bxe4 Bxe4 36. Rd4 Nb3 37. Rd8 Nc5 38. Rd4 Ke7 39. Kh4 Rd7 40. Rxd7+
Kxd7 41. g5 Nd3 42. gxh6 gxh6 43. Kh5 Nxf4+ 44. Kxh6 Ke7 45. b3 axb3 46. Rxb3
Kf6 47. Rg3 e5 48. h4 Ne6 49. Re3 Bc6 50. Kh7 f4 51. Re1 f3 52. Kg8 Nf4 53. Rh1
f2 54. Rf1 Nd3 55. Rb1 e4 56. h5 Kg5 57. Rh1 Nf4 58. h6 e3 59. h7 Ng6 60. Rh3
f1=Q 61. Rg3+ Kf6
0-1

[Event "Bergens SK Vårturnering 2023"]
[Site "Bergens Schakklub"]
[Date "2023.01.31"]
[Round "4"]
[White "Seymour, Max Bakke"]
[Black "Texe, Eirik"]
[Result "1-0"]
[WhiteElo "1654"]
[BlackElo "1592"]
[PlyCount "89"]
[EventDate "2023.??.??"]

1. c4 e5 2. Nc3 Bb4 3. Qc2 Nf6 4. g3 O-O 5. Bg2 c6 6. e4 a5 7. Nge2 Na6 8. O-O
Re8 9. a3 Bc5 10. b3 Nc7 11. Bb2 d6 12. h3 h6 13. Rac1 Be6 14. Na4 Ba7 15. d4
exd4 16. Nxd4 Rc8 17. Rfd1 Qe7 18. Qd2 Bd7 19. Qxa5 Bxd4 20. Rxd4 c5 21. Rdd1
Bxa4 22. bxa4 Ne6 23. Qd2 Red8 24. a5 Ra8 25. Rb1 Ng5 26. Bxf6 Qxf6 27. Rxb7
Qe6 28. Qf4 Qxc4 29. h4 Nh7 30. Rxd6 Rxd6 31. Qxd6 Qc1+ 32. Kh2 Nf6 33. Bh3 Qc2
34. Rb8+ Rxb8 35. Qxb8+ Kh7 36. Qf4 Qb2 37. e5 Nd5 38. Qxf7 Ne3 39. Qf3 Nd1 40.
Qf5+ Kg8 41. Qc8+ Kf7 42. Be6+ Kg6 43. Qe8+ Kh7 44. Bf5+ g6 45. Qxg6+
1-0

[Event "Bergens SK Vårturnering 2023"]
[Site "Bergens Schakklub"]
[Date "2023.01.31"]
[Round "4"]
[White "Myny, Sigur H"]
[Black "Larsen, Stig Børje"]
[Result "1-0"]
[WhiteElo "1603"]
[BlackElo "1734"]
[PlyCount "81"]
[EventDate "2023.??.??"]

1. c4 g6 2. g3 Bg7 3. Nc3 d6 4. Bg2 e5 5. d3 Nc6 6. e4 Be6 7. Nge2 Qd7 8. Rb1
a5 9. a3 Nf6 10. O-O Bh3 11. b4 axb4 12. axb4 h5 13. f3 Nd4 14. Nxd4 exd4 15.
Ne2 h4 16. g4 Bxg2 17. Kxg2 Ra2 18. h3 Qe6 19. Rf2 Nd7 20. Qb3 Ra8 21. Bb2 c5
22. bxc5 dxc5 23. Qxb7 O-O 24. Qb3 Rfb8 25. Qc2 Qb6 26. Nc1 Qc7 27. f4 g5 28.
Ne2 gxf4 29. Bc1 Bh6 30. Rxb8+ Qxb8 31. Bxf4 Bxf4 32. Nxf4 Ra3 33. Qd2 Rb3 34.
Nh5 Qd6 35. Qg5+ Qg6 36. Qd8+ Nf8 37. Rf5 Rb2+ 38. Kf3 Qe6 39. Rg5+ Kh7 40.
Nf6+ Kh6 41. Qxf8+
1-0

[Event "Bergens SK Vårturnering 2023"]
[Site "Bergens Schakklub"]
[Date "2023.01.31"]
[Round "4"]
[White "Christoffersen, Odd"]
[Black "Lien, Sebastian"]
[Result "1/2-1/2"]
[WhiteElo "1510"]
[BlackElo "1618"]
[PlyCount "112"]
[EventDate "2023.??.??"]

1. Nf3 Nf6 2. c4 e6 3. g3 b6 4. Bg2 Bb7 5. O-O c5 6. d3 d5 7. cxd5 exd5 8. Bg5
Be7 9. Bxf6 Bxf6 10. d4 Nc6 11. e3 O-O 12. Nc3 Ba6 13. Re1 Rc8 14. Qd2 Nb4 15.
Red1 Nd3 16. a3 Qd7 17. Nxd5 Qxd5 18. Ne1 Qd8 19. Nxd3 cxd4 20. Nb4 Bb5 21.
exd4 Ba4 22. Rdc1 Qxd4 23. Qxd4 Bxd4 24. Nd5 Rxc1+ 25. Rxc1 Bxb2 26. Rc7 Bxa3
27. Rxa7 b5 28. Nc3 Bc5 29. Ra6 Bb3 30. Nxb5 Bc4 31. Bf1 Bxf1 32. Kxf1 Rb8 33.
Nc3 g6 34. Ra2 Bd4 35. Ne2 Be5 36. Kg2 Kg7 37. h4 Rb4 38. Rc2 h6 39. Ra2 g5 40.
hxg5 hxg5 41. Rc2 Kg6 42. Ra2 Rb3 43. Rc2 f6 44. Ra2 Bb2 45. Ng1 Rb5 46. Ne2
Be5 47. Rc2 Rb6 48. Ra2 Bb8 49. Rc2 f5 50. Ra2 Rf6 51. Rc2 f4 52. gxf4 gxf4 53.
Kf3 Be5 54. Rc4 Bd6 55. Rc6 Kg5 56. Rc4 Bb8
1/2-1/2

[Event "Bergens SK Vårturnering 2023"]
[Site "Bergens Schakklub"]
[Date "2023.01.31"]
[Round "4"]
[White "Høyforsslett, Gard Rye"]
[Black "Tjora, Tord"]
[Result "1-0"]
[WhiteElo "1798"]
[BlackElo "1699"]
[PlyCount "100"]
[EventDate "2023.??.??"]

1. e4 e6 2. d4 d5 3. Nd2 Nf6 4. e5 Nfd7 5. Nb3 c5 6. f4 Nc6 7. Nf3 Be7 8. Be2
O-O 9. O-O f6 10. c3 fxe5 11. fxe5 b6 12. Be3 a5 13. a4 Ba6 14. Bxa6 Rxa6 15.
Qd2 Qe8 16. Nc1 cxd4 17. cxd4 Nb4 18. Ne2 Nb8 19. Nf4 b5 20. axb5 Qxb5 21. h4
Rc6 22. Rac1 Rfc8 23. Rxc6 Rxc6 24. Ng5 Nd7 25. Qf2 Qb8 26. Nfxe6 Qe8 27. Nxg7
Kxg7 28. Qf7+ Qxf7 29. Rxf7+ Kg6 30. Rxe7 Nf8 31. g4 h5 32. Nh3 hxg4 33. Nf4+
Kf5 34. Rf7+ Ke4 35. Rxf8 Kxe3 36. e6 Rc7 37. Rf7 Rc1+ 38. Kg2 Nc6 39. Nh5 Kxd4
40. Rc7 Rc2+ 41. Kg3 Kd3 42. Nf4+ Kd2 43. Nxd5 Kc1 44. e7 Nxe7 45. Rxc2+ Kxc2
46. Nxe7 Kxb2 47. Nd5 a4 48. Nb6 a3 49. Nc4+ Kb3 50. Nxa3 Kxa3
1-0

[Event "Bergens SK Vårturnering 2023"]
[Site "Bergens Schakklub"]
[Date "2023.01.31"]
[Round "4"]
[White "Engelsen, Teodor Tenfjord"]
[Black "Selbekk, Vebjørn"]
[Result "1/2-1/2"]
[WhiteElo "1780"]
[BlackElo "1865"]
[PlyCount "61"]
[EventDate "2023.??.??"]

1. c4 e5 2. g3 d6 3. Nc3 f5 4. Bg2 Nf6 5. e3 Be7 6. d4 e4 7. Nge2 O-O 8. b3 c6
9. O-O a5 10. a4 Na6 11. Ba3 Nb4 12. Na2 c5 13. Nxb4 axb4 14. Bb2 Be6 15. d5
Bf7 16. Qc2 Ng4 17. h3 Ne5 18. f3 Nd3 19. Rad1 Nxb2 20. Qxb2 Bf6 21. Qc2 exf3
22. Bxf3 Qe7 23. e4 fxe4 24. Bxe4 g6 25. Nf4 Bd4+ 26. Kg2 Kg7 27. Rde1 Be5 28.
Nd3 Bc3 29. Re2 Rae8 30. Bf3 Qg5 31. h4
1/2-1/2

[Event "Bergens SK Vårturnering 2023"]
[Site "Bergens Schakklub"]
[Date "2023.01.31"]
[Round "4"]
[White "Fossheim, Yngve Götestam"]
[Black "Agustsson, Hafsteinn"]
[Result "1-0"]
[WhiteElo "2038"]
[BlackElo "1762"]
[PlyCount "33"]
[EventDate "2023.??.??"]

1. d4 d5 2. c4 e6 3. Nf3 Nf6 4. g3 dxc4 5. Bg2 Bb4+ 6. Bd2 Be7 7. O-O O-O 8.
Bg5 Nbd7 9. Bxf6 Nxf6 10. Ne5 c5 11. Na3 Nd5 12. Naxc4 f6 13. Nf3 b5 14. Na3
Rb8 15. e4 Nb4 16. dxc5 e5 17. Qb3+
1-0

[Event "Bergens SK Vårturnering 2023"]
[Site "Bergens Schakklub"]
[Date "2023.01.31"]
[Round "4"]
[White "Flaten, Siver"]
[Black "Bjarnason, Snorri Vikanes"]
[Result "0-1"]
[WhiteElo "1345"]
[BlackElo "1676"]
[PlyCount "54"]
[EventDate "2023.??.??"]

1. e4 e5 2. Nf3 Nc6 3. Bc4 Nf6 4. d4 exd4 5. O-O Nxe4 6. Re1 d5 7. Bxd5 Qxd5 8.
Nc3 Qh5 9. Nxe4 Be6 10. Neg5 O-O-O 11. Nxe6 fxe6 12. Rxe6 Bd6 13. Qe2 Rhf8 14.
h3 h6 15. Nxd4 Qxe2 16. Nxe2 Be5 17. g3 Rd1+ 18. Kg2 Re1 19. Nf4 Kd7 20. Ng6
Kxe6 21. Nxf8+ Kf7 22. Nd7 Bd6 23. c4 Ke6 24. c5 Be7 25. Ne5 Nxe5 26. f4 Nd3
27. f5+ Kxf5
0-1

[Event "Bergens SK Vårturnering 2023"]
[Site "Bergens Schakklub"]
[Date "2023.02.07"]
[Round "5"]
[White "Sneeggen, Espen"]
[Black "Manne, Per Erik"]
[Result "0-1"]
[WhiteElo "1744"]
[BlackElo "2186"]
[PlyCount "68"]
[EventDate "2023.??.??"]

1. d4 Nf6 2. Bf4 d6 3. Nf3 g6 4. c3 Bg7 5. Nbd2 O-O 6. e4 b6 7. Qc2 c5 8. h3
Bb7 9. Be2 cxd4 10. cxd4 Qc8 11. Qb1 Ba6 12. Bxa6 Qxa6 13. b4 Qa3 14. O-O Nc6
15. b5 Na5 16. Re1 Rac8 17. Nb3 d5 18. Nxa5 bxa5 19. e5 Ne4 20. Rxe4 dxe4 21.
Qxe4 Qb2 22. Rf1 Qxb5 23. Bg5 e6 24. Qh4 Rc2 25. Nh2 Rb8 26. Re1 Qd3 27. Ng4 h5
28. Nf6+ Bxf6 29. Bxf6 Qd2 30. Rf1 Rc4 31. Qe4 Qxd4 32. Rb1 Rbc8 33. Qe1 Qe4
34. Qf1 Qxb1
0-1

[Event "Bergens SK Vårturnering 2023"]
[Site "Bergens Schakklub"]
[Date "2023.02.07"]
[Round "5"]
[White "Tjora, Tord"]
[Black "Texe, Eirik"]
[Result "0-1"]
[WhiteElo "1699"]
[BlackElo "1592"]
[PlyCount "54"]
[EventDate "2023.??.??"]

1. e4 c5 2. d4 cxd4 3. c3 Nf6 4. e5 Nd5 5. Nf3 d6 6. cxd4 Bf5 7. a3 e6 8. Be2
Nc6 9. exd6 Bxd6 10. Nbd2 Rc8 11. Nc4 Bb8 12. O-O O-O 13. Bg5 Qc7 14. Rc1 h6
15. Bh4 Nf4 16. Bg3 Qd8 17. Bxf4 Bxf4 18. Ne3 Be4 19. Nd2 Bh7 20. g3 Bb8 21.
Nf3 Qe7 22. Bc4 Rfd8 23. Nc2 Qf6 24. Bd3 Bxd3 25. Qxd3 a6 26. Rcd1 Ne7 27. Ne3
Qxf3
0-1